000 00934nam a2200277Ia 4500
001 Para_7936
003 CHAP
008 220125s9999 xx 000 0 und d
010 _a206865
040 _cCHAP
082 _aPA-C 595.75 H4
100 _aComstock, John Henry
_926147
245 _aReport of the Department of Entomology /
_c by John Henry Comstock
300 _a96 p.
440 _aHemiptera; 9
_9172912
500 _aSobretiro de: The Sec. Rep. Cornell University Exp. St. 1883: 508-603. Encuadernado con otros impresos similares
650 _a
_x Hemípteros
_x colecciones de escritos
_x Entomología
_x Investigación
_9173220
710 _aThe second report of the Cornell University Experiment Station 1883
_9173221
901 _aPA-C 595.75 H4
902 _aA
905 _a000000 0000000000 00
910 _a
942 _cPARA
942 _cPARA
_d1
999 _c206865
_d206865